| 000 -LEADER |
| fixed length control field |
00653nam a2200241Ia 4500 |
| 001 - CONTROL NUMBER |
| control field |
2017 |
| 003 - CONTROL NUMBER IDENTIFIER |
| control field |
GE_BSU |
| 008 - FIXED-LENGTH DATA ELEMENTS--GENERAL INFORMATION |
| fixed length control field |
181216s||||||||xx |||||||||||||| ||und|| |
| 020 ## - INTERNATIONAL STANDARD BOOK NUMBER |
| International Standard Book Number |
5238010966 |
| 040 ## - CATALOGING SOURCE |
| Transcribing agency |
GE_BSU |
| 080 ## - UNIVERSAL DECIMAL CLASSIFICATION NUMBER |
| Universal Decimal Classification number |
347.73(470)(075.8):336.2(470)(075.8) |
| 100 ## - MAIN ENTRY--PERSONAL NAME |
| Personal name |
Крохина,Ю.А. |
| 245 ## - TITLE STATEMENT |
| Title |
Налоговое право |
| 245 ## - TITLE STATEMENT |
| Remainder of title |
Учебник. для студ.вузов. |
| 250 ## - EDITION STATEMENT |
| Edition statement |
2-е изд. доп. и перераб |
| 260 ## - PUBLICATION, DISTRIBUTION, ETC. |
| Place of publication, distribution, etc. |
Москва |
| 260 ## - PUBLICATION, DISTRIBUTION, ETC. |
| Name of publisher, distributor, etc. |
Юнити-Дана |
| 260 ## - PUBLICATION, DISTRIBUTION, ETC. |
| Date of publication, distribution, etc. |
2006 |
| 300 ## - PHYSICAL DESCRIPTION |
| Extent |
383стр.21см. |
| 653 ## - INDEX TERM--UNCONTROLLED |
| Uncontrolled term |
Налоговое право |
| 942 ## - ADDED ENTRY ELEMENTS (KOHA) |
| Koha item type |
წიგნი |